000 01275nam0a2200301 4500
001 RU\NLR\BIBL_A\010912920
005 20260406052731.0
010 _a5-7373-0101-X
035 _a(NLR Aleph) 010912920
090 _a10639749
_c10639749
100 _a20151127d1996 |||y0rusy50 ca
101 0 _arus
102 _aRU
105 _ay z 000zy
200 1 _aСекта Муна (церковь Объединения)
_fсвящ. Алексий Мороз
210 _aСанкт-Петербург
_cСатисъ
_d1996
215 _a62, [1] с.
_d25
225 1 _aЦерковь и "церкви"
320 _aБиблиогр.: с. 45-47 (30 назв.)
601 0 2 _a"Церковь Объединения"
_91910859
_3RU\NLR\AUTH\661160064
686 2 _aЭ378.151.19
700 1 _8rus
_7ca
_aМороз
_bА.
_f1956-
_gАлексий
_3RU\NLR\AUTH\777639
_9117572
702 0 _4570
_8rus
_7ca
_aМун Сан Мен
_f1920-2012
_3RU\NLR\AUTH\77109174
_992099
942 _cBOOK
980 _aNB